Cargando...

The central nervous system of vertebrates; a general survey of its comparative anatomy with an introduction to the pertinent fundamental biologic and logical concepts.

Detalles Bibliográficos
Autor Principal: Kuhlenbeck, Hartwig
Formato: Printed Book
Idioma:English
Publicado: Basel, New York, S. Karger 1967-1978.
Subjects:
LEADER 02816nam a22004691 4500
001 000087470
003 MCM
008 740502m19671978sz a b 001 0 eng
010 |a  67001849 //r78 
035 |a (OCoLC)00975585 
035 |a GLIS00087470 
035 |a MITb10087470 
049 |a MYGS 
082 |a 612.8  |2 23 
090 |a QL937  |b .K96 1967 
099 |a QL937.K96 1967 
100 1 |a Kuhlenbeck, Hartwig, 
245 1 4 |a The central nervous system of vertebrates;  |b a general survey of its comparative anatomy with an introduction to the pertinent fundamental biologic and logical concepts. 
260 |a Basel,  |a New York,  |b S. Karger  |c 1967-1978. 
300 |a 5 v. in 7.  |b illus.  |c 25 cm. 
500 |a Each vol. has also special t. p. 
504 |a Includes bibliographies. 
505 0 |a v. 1. Propaedeutics to comparative neurology.--v. 2. Invertebrates and origin of vertebrates.--v. 3, pt. 1. Structural elements: biology of nervous tissue.--v. 3, pt. 2. Overall morphologic pattern.--v. 4. Spinal cord and deuterencephalon.--v. 5, pt. 1. Derivatives of the prosencephalon: diencephalon and telencephalon. v. 5, pt. 2. Mammalian telencephalon: surface morphology and cerebal cortex. The vertebrate neuraxis as a whole. 
650 0 |a Anatomy, Comparative. 
650 0 |a Central nervous system. 
852 0 |a MCM  |b LSA  |c OCC  |h QL937.K96 1967 
876 1 |l MIT01  |h QL937.K96 1967  |8 19950626  |b 1  |h v.1 
876 1 |l MIT01  |h QL937.K96 1967  |8 19950626  |b 2  |h v.2 
876 1 |l MIT01  |h QL937.K96 1967  |8 19950626  |b 3  |c 1  |h v.3 pt.1 
876 1 |l MIT01  |h QL937.K96 1967  |8 19950626  |b 3  |c 2  |h v.3 pt.2 
876 1 |l MIT01  |h QL937.K96 1967  |8 19950626  |b 4  |h v.4 
876 1 |l MIT01  |h QL937.K96 1967  |8 19950626  |b 5  |c 1  |h v.5 pt.1 
876 1 |l MIT01  |h QL937.K96 1967  |8 19950626  |b 5  |c 2  |h v.5 pt.2 
910 |a ctp800606 
942 |c BK 
999 |c 122809  |d 122809 
952 |0 0  |1 0  |2 ddc  |4 0  |6 612_800000000000000_KUH_C  |7 0  |9 135939  |a LIF  |b LIF  |c ST1  |d 2009-08-02  |h Vol. 1  |i 552  |l 0  |o 612.8 KUH/C  |p LIF552  |r 2009-08-02  |w 2009-08-02  |y BK 
952 |0 0  |1 0  |2 ddc  |4 0  |6 612_800000000000000_KUH_C  |7 0  |9 135940  |a LIF  |b LIF  |c ST1  |d 2009-08-02  |h Vol. 3  |i 554  |l 0  |o 612.8 KUH/C  |p LIF554  |r 2009-08-02  |w 2009-08-02  |y BK 
952 |0 0  |1 0  |2 ddc  |4 0  |6 612_800000000000000_KUH_C  |7 0  |9 135941  |a LIF  |b LIF  |c ST1  |d 2009-08-02  |h Vol. 4  |i 555  |l 16  |o 612.8 KUH/C  |p LIF555  |r 2017-02-27  |s 2017-02-23  |w 2009-08-02  |y BK 
952 |0 0  |1 0  |2 ddc  |4 0  |6 612_800000000000000_KUH_C  |7 0  |9 135942  |a LIF  |b LIF  |c ST1  |d 2009-08-02  |h Vol. 5 Part. 1  |i 556  |l 0  |o 612.8 KUH/C  |p LIF556  |r 2009-08-02  |w 2009-08-02  |y BK 
952 |0 0  |1 0  |2 ddc  |4 0  |6 612_800000000000000_KUH_C  |7 0  |9 135943  |a LIF  |b LIF  |c ST1  |d 2009-08-02  |h Vol. 5 Part. 2  |i 557  |l 0  |o 612.8 KUH/C  |p LIF557  |r 2009-08-02  |w 2009-08-02  |y BK 
952 |0 0  |1 0  |4 0  |6 612_800000000000000_KUH_C  |7 0  |9 135944  |a LIF  |b LIF  |c ST1  |d 2009-08-02  |h Vol. 2  |i 553  |l 0  |o 612.8 KUH/C  |p LIF553  |r 2009-08-02  |w 2009-08-02  |y BK